Real property financing in Singapore
| Main Author: | |
|---|---|
| Format: | Book |
| Published: |
Singapore :
Malayan Law Journal ,
1988
|
| Subjects: |
MARC
| LEADER | 00000cam a2200000 7i4500 | ||
|---|---|---|---|
| 001 | 0000003500 | ||
| 005 | 20030121.0 | ||
| 020 | |a 997170061X | ||
| 040 | |a INS | ||
| 090 | 0 | 0 | |a FC104. |b H1537 1998 |
| 100 | 0 | |a Hairani Saban | |
| 245 | 1 | 0 | |a Real property financing in Singapore |c Hairani Saban |
| 260 | |a Singapore : |b Malayan Law Journal , |c 1988 | ||
| 300 | |a xxiii, 375p. ; |c 25 cm. | ||
| 650 | 0 | 0 | |a Property finance |
| 650 | 0 | 0 | |a Real estate business |x Finance |
| 650 | 0 | 0 | |a Real estate |x Finance |
| 650 | 0 | 0 | |a Real property |x Finance |
| 999 | |a 0000005101 |b BOOK |c Open Shelf |e Default branch | ||